=LDR 00000nam 2200000 4500 =001 NUTBA000000000001603 =005 20200914112421 =035 ##$$a 0010-051400000000068 =008 200914################g##########0#ind## =020 ##$$a 978-602-978-801-3 =082 ##$$a 305.2 =100 1#$$a Putra, Sitiatava Rizema =245 1#$$a Komunitas-komunitas ekstrem di dunia /$c Sitiatava Rizena Putra =250 ##$$a cet.1 =260 ##$$a Jogjakarta :$b Flash Books,$c 2011 =300 ##$$a 203 hlm ; $c 14 x 21 cm =084 ##$$a 305.2 PUT k =650 #4$$a Komunitas Ektrem =990 ##$$a 21110650 =990 ##$$a 21110651 =990 ##$$a 1201101916